00397nam a2200133Ia 4500008004100000020001500041041000800056082001900064245011400083250000600197260004000203300001100243650000900254210716s2000 xx 000 0 und d a8173711089 aeng a658.31242 LEAR aLearning organization: management knowledge for business success.bManagement knowledge for business success. a1 aHyderabadbUniversities Pressc2000 aix,133 aNone